000 00494nam a22001817a 4500
005 20260121104028.0
008 260121b |||||||| |||| 00| 0 eng d
037 _cDSWL
040 _aDSWL
_cDSWL
041 _heng
245 _aTriple bottom line
260 _aNew York,
_bRoutledge,
_c2004
300 _a186p
365 _aGBP
_b37.99
700 _aJulie Richardson Ed.
_9940592
942 _2CC
_cTEXL
_n0
999 _c1532284
_d1532284